Typing USA in 15 seconds - Statistics

General Stats
  • This quiz has been taken 203 times
    199 since last reset
  • The average score is 21 of 47
Answer Stats
Answer % Correct
USA
100%
USA
99%
USA
99%
USA
99%
USA
96%
USA
90%
USA
90%
USA
88%
USA
87%
USA
87%
USA
85%
USA
81%
USA
79%
USA
75%
USA
70%
USA
61%
USA
60%
USA
57%
USA
54%
USA
51%
USA
49%
USA
46%
USA
39%
USA
37%
USA
33%
USA
28%
USA
24%
USA
18%
USA
16%
USA
16%
USA
15%
USA
15%
USA
15%
USA
13%
USA
13%
USA
12%
USA
12%
USA
12%
USA
12%
USA
10%
USA
10%
USA
10%
USA
10%
USA
10%
USA
10%
USA
10%
USA
10%
No matching quizzes found
Score Distribution
Percent of People with Each Score
Percentile by Number Answered
Your Score History
You have not taken this quiz since the last reset